<?xml version="1.0" encoding="UTF-8"?>
<record
    xmlns:xsi="http://www.w3.org/2001/XMLSchema-instance"
    xsi:schemaLocation="http://www.loc.gov/MARC21/slim http://www.loc.gov/standards/marcxml/schema/MARC21slim.xsd"
    xmlns="http://www.loc.gov/MARC21/slim">

  <leader>01004nam a22002537a 4500</leader>
  <controlfield tag="005">20170123164152.0</controlfield>
  <datafield tag="010" ind1=" " ind2=" ">
    <subfield code="a">B-095393</subfield>
  </datafield>
  <datafield tag="020" ind1=" " ind2=" ">
    <subfield code="c">160.00</subfield>
  </datafield>
  <datafield tag="035" ind1=" " ind2=" ">
    <subfield code="a">B-095393</subfield>
  </datafield>
  <datafield tag="037" ind1=" " ind2=" ">
    <subfield code="b">Cen Lib/Ret</subfield>
  </datafield>
  <datafield tag="040" ind1=" " ind2=" ">
    <subfield code="a">DPL</subfield>
    <subfield code="b">PN</subfield>
  </datafield>
  <datafield tag="082" ind1=" " ind2=" ">
    <subfield code="a">&#xA15; </subfield>
    <subfield code="b">&#xA1A;&#xA3E;&#xA35;&#xA32;&#xA3E; </subfield>
  </datafield>
  <datafield tag="100" ind1=" " ind2=" ">
    <subfield code="a">&#xA1A;&#xA3E;&#xA35;&#xA32;&#xA3E;, &#xA39;&#xA30;&#xA2C;&#xA70;&#xA38; &#xA38;&#xA3F;&#xA70;&#xA18; </subfield>
    <subfield code="9">4285</subfield>
  </datafield>
  <datafield tag="245" ind1=" " ind2=" ">
    <subfield code="a">&#xA2A;&#xA3E;&#xA30;&#xA40;&#xA06;&#xA02; &#xA26;&#xA3E; &#xA24;&#xA3E;&#xA2A;&#xA41; : </subfield>
    <subfield code="c">&#xA39;&#xA30;&#xA2C;&#xA70;&#xA38; &#xA38;&#xA3F;&#xA70;&#xA18; &#xA1A;&#xA3E;&#xA35;&#xA32;&#xA3E; </subfield>
    <subfield code="b">&#xA32;&#xA4B;&#xA15; &#xA17;&#xA40;&#xA24; /</subfield>
  </datafield>
  <datafield tag="246" ind1=" " ind2=" ">
    <subfield code="a">Parian da taapu : folk tales /</subfield>
    <subfield code="b">by Harbans Singh Chawla </subfield>
  </datafield>
  <datafield tag="260" ind1=" " ind2=" ">
    <subfield code="a">&#xA26;&#xA3F;&#xA71;&#xA32;&#xA40; </subfield>
    <subfield code="b">&#xA10;&#xA2E;. &#xA15;&#xA47;. &#xA2A;&#xA4D;&#xA30;&#xA15;&#xA3E;&#xA38;&#xA3C;&#xA28;  </subfield>
    <subfield code="c">2004</subfield>
  </datafield>
  <datafield tag="270" ind1=" " ind2=" ">
    <subfield code="a">&#xA38;&#xA3C;&#xA4B;&#xA2A; &#xA28;&#xA70;. 7. 12/190 &#xA17;&#xA40;&#xA24;&#xA3E; &#xA15;&#xA3E;&#xA32;&#xA4B;&#xA28;&#xA40; </subfield>
    <subfield code="b">&#xA26;&#xA3F;&#xA71;&#xA32;&#xA40;</subfield>
    <subfield code="e">110031</subfield>
  </datafield>
  <datafield tag="300" ind1=" " ind2=" ">
    <subfield code="a">144p ; </subfield>
    <subfield code="c">20cm</subfield>
  </datafield>
  <datafield tag="650" ind1=" " ind2=" ">
    <subfield code="a">&#xA2A;&#xA70;&#xA1C;&#xA3E;&#xA2C;&#xA40; --&#xA38;&#xA3E;&#xA39;&#xA3F;&#xA24;</subfield>
    <subfield code="9">127452</subfield>
  </datafield>
  <datafield tag="650" ind1=" " ind2=" ">
    <subfield code="a">&#xA2A;&#xA70;&#xA1C;&#xA3E;&#xA2C;&#xA40;-- &#xA15;&#xA39;&#xA3E;&#xA23;&#xA40;&#xA06;&#xA02;</subfield>
    <subfield code="9">127453</subfield>
  </datafield>
  <datafield tag="650" ind1=" " ind2=" ">
    <subfield code="a">literature--Punjabi </subfield>
    <subfield code="9">127454</subfield>
  </datafield>
  <datafield tag="650" ind1=" " ind2=" ">
    <subfield code="a">Punjabi - story</subfield>
    <subfield code="9">127455</subfield>
  </datafield>
  <datafield tag="942" ind1=" " ind2=" ">
    <subfield code="2">ddc</subfield>
    <subfield code="c">PN</subfield>
    <subfield code="h">&#xA15; </subfield>
    <subfield code="m">&#xA1A;&#xA3E;&#xA35;&#xA32;&#xA3E; </subfield>
  </datafield>
  <datafield tag="999" ind1=" " ind2=" ">
    <subfield code="c">110461</subfield>
    <subfield code="d">110461</subfield>
  </datafield>
  <datafield tag="952" ind1=" " ind2=" ">
    <subfield code="0">0</subfield>
    <subfield code="1">0</subfield>
    <subfield code="4">0</subfield>
    <subfield code="7">0</subfield>
    <subfield code="a">L</subfield>
    <subfield code="b">L</subfield>
    <subfield code="d">2016-01-22</subfield>
    <subfield code="e">Cen Lib/Ret</subfield>
    <subfield code="g">160.00</subfield>
    <subfield code="l">1</subfield>
    <subfield code="o">&#xA15;  &#xA1A;&#xA3E;&#xA35;&#xA32;&#xA3E;</subfield>
    <subfield code="p">B-095393</subfield>
    <subfield code="r">2026-01-10 00:00:00</subfield>
    <subfield code="s">2025-12-29</subfield>
    <subfield code="t">1</subfield>
    <subfield code="v">160.00</subfield>
    <subfield code="w">2016-01-22</subfield>
    <subfield code="y">PN</subfield>
  </datafield>
</record>
